000 01532nam0a2200397 4500
001 RU\NLR\bibl\1836447
005 20250616170404.0
010 _a978-5-271-30300-5
_bАстрель
010 _a978-5-17-075468-7
_bАСТ
_95000
021 _aRU
_b2011-84991
_96051
035 _a(NLR Aleph) 001826933
090 _a2084169
_c2084169
100 _a20111118d2011 |||y0rusy50 ca
101 1 _arus
_ceng
102 _aRU
105 _aab |||||||||
200 1 _aКоллапс
_dCollapse
_eкак и почему одни общества приходят к процветанию, а другие - к гибели
_fДжаред Даймонд
_zeng
210 _aМосква
_cАСТ [и др.]
_d2011
215 _a797, [1] с., [16] л. ил.
_cкарт.
_d22
300 _aАвт. также на анл. яз.: Jared Diamond
320 _aБиблиогр.: с. 729-763
320 _aПредм.-имен. указ. в конце кн.
510 0 _6z45790
_aCollapse
_zeng
606 1 _aОбщественное развитие
_xСоциально-философские вопросы
_92174001
_3RU\NLR\auth\661307592
606 1 _aЦивилизация
_xИстория
_92087746
_3RU\NLR\auth\661263922
686 _aТ3(0)0,02
686 _aС508.0
686 _aЮ6
700 1 _aДаймонд
_bД.
_gДжаред
_4070
790 1 _6z45510
_aDiamond
_bJ.
_gJared
_4070
801 0 _aRU
_bNLR
_c20111118
_gRCR
801 1 _aRU
_bNLR
_c20111118
942 _cBOOK
980 _aNB
980 _aNBR